<?xml version="1.0" encoding="UTF-8"?><?xml-stylesheet type="text/xsl" href="static/style.xsl"?><OAI-PMH xmlns="http://www.openarchives.org/OAI/2.0/" xmlns:xsi="http://www.w3.org/2001/XMLSchema-instance" xsi:schemaLocation="http://www.openarchives.org/OAI/2.0/ http://www.openarchives.org/OAI/2.0/OAI-PMH.xsd"><responseDate>2026-04-17T22:54:01Z</responseDate><request verb="GetRecord" identifier="oai:www.recercat.cat:2117/10829" metadataPrefix="marc">https://recercat.cat/oai/request</request><GetRecord><record><header><identifier>oai:recercat.cat:2117/10829</identifier><datestamp>2025-07-17T06:13:52Z</datestamp><setSpec>com_2072_1033</setSpec><setSpec>col_2072_452950</setSpec></header><metadata><record xmlns="http://www.loc.gov/MARC21/slim" xmlns:dcterms="http://purl.org/dc/terms/" xmlns:xsi="http://www.w3.org/2001/XMLSchema-instance" xmlns:doc="http://www.lyncode.com/xoai" xsi:schemaLocation="http://www.loc.gov/MARC21/slim http://www.loc.gov/standards/marcxml/schema/MARC21slim.xsd">
   <leader>00925njm 22002777a 4500</leader>
   <datafield ind2=" " ind1=" " tag="042">
      <subfield code="a">dc</subfield>
   </datafield>
   <datafield ind2=" " ind1=" " tag="720">
      <subfield code="a">Astals Coma, Francesc</subfield>
      <subfield code="e">author</subfield>
   </datafield>
   <datafield ind2=" " ind1=" " tag="720">
      <subfield code="a">Martínez Serra, Francisco</subfield>
      <subfield code="e">author</subfield>
   </datafield>
   <datafield ind2=" " ind1=" " tag="720">
      <subfield code="a">Pallisé Clofent, Joan</subfield>
      <subfield code="e">author</subfield>
   </datafield>
   <datafield ind2=" " ind1=" " tag="260">
      <subfield code="c">2010</subfield>
   </datafield>
   <datafield ind2=" " ind1=" " tag="520">
      <subfield code="a">Si bien el vehículo eléctrico (VE) no hace (casi) ruido, a lo largo de los últimos dos o tres años está generando un enorme ruido su "inminente" eclosión comercial. Actualmente el principal obstáculo no es ya de tipo tecnológico sino económico. El precio, aún con sistanciales ayudas, es todavía el factor limitante. Sin embargo, el aspecto fundamental, relativo al coste de las baterías va disminuyendo casi de forma paralela al aumento de la potencia y la capacidad de almacenaje, por lo tanto, el precio de los VE disminuirá en mayor medida habida cuenta de las economías de escala que significarán su producción en serie cada vez más importantes. Entre los retos importantes a solucionar destaca en primer lugar la cuestión de si hay o no disponibilidad suficiente de energía eléctrica para hacer frente a una flota significativa de VE y si una eclosión de la demanda pudiera representar el colapso del sistema eléctrico. Las estimaciones de los requerimientos energéticos globales señalan "a priori" que la implantación del VE no debería constituir un problema relevante para el sistema eléctrico nacional tanto en la generación, como en el transporte en alta tensión, si bien deberá tomarse buena nota de los problemas que podrían aparecer en las redes de distribución en baja tensión. En el presente trabajo se analizan someramente las demandas energéticas globales debidas a los vehículos eléctricos, en diferentes escenarios de crecimiento comercial de los VE, especialmente en el caso de España, y se estudian las distintas alternativas de carga en lo que a parámetros eléctricos se refiere, es decir ¿cómo se efectúa la carga? ¿Cuáles son las características que deberían poseer las estaciones de recarga? ¿Cuál debe ser la distribución y la disponibilidad geográfica de los puntos de carga?, esto es ¿dónde debería efectuarse esta carga? y en qué franja horaria debe orientarse la recarga, es decir ¿cuándo?</subfield>
   </datafield>
   <datafield ind2=" " ind1=" " tag="520">
      <subfield code="a">Peer Reviewed</subfield>
   </datafield>
   <datafield ind2=" " ind1=" " tag="520">
      <subfield code="a">Postprint (published version)</subfield>
   </datafield>
   <datafield tag="653" ind2=" " ind1=" ">
      <subfield code="a">Àrees temàtiques de la UPC::Enginyeria mecànica::Disseny i construcció de vehicles</subfield>
   </datafield>
   <datafield tag="653" ind2=" " ind1=" ">
      <subfield code="a">Àrees temàtiques de la UPC::Energies::Gestió de l'energia::Demanda i consum energètics</subfield>
   </datafield>
   <datafield tag="653" ind2=" " ind1=" ">
      <subfield code="a">Electric vehicles</subfield>
   </datafield>
   <datafield tag="653" ind2=" " ind1=" ">
      <subfield code="a">Electric power</subfield>
   </datafield>
   <datafield tag="653" ind2=" " ind1=" ">
      <subfield code="a">Vehicles elèctrics</subfield>
   </datafield>
   <datafield tag="653" ind2=" " ind1=" ">
      <subfield code="a">Energia elèctrica</subfield>
   </datafield>
   <datafield tag="653" ind2=" " ind1=" ">
      <subfield code="a">Energia -- Abastament</subfield>
   </datafield>
   <datafield ind2="0" ind1="0" tag="245">
      <subfield code="a">La previsión a medio plazo de las necesidades energéticas del parque de vehículo eléctrico</subfield>
   </datafield>
</record></metadata></record></GetRecord></OAI-PMH>